[Event "NAYCC U16"]
[Site "Kingston CAN"]
[Date "2025.08.23"]
[Round "9.11"]
[White "Zhang, Daniel"]
[Black "Kilari, Dattasai"]
[Result "1-0"]
[WhiteElo "1922"]
[BlackElo "1949"]
[WhiteFideId "-1"]
[WhiteFideId "-1"]
[PlyCount "71"]
[GameId "2220148372986515"]
[EventDate "2025.08.18"]
[EventType "swiss"]
[EventRounds "9"]
[EventCountry "CAN"]

1. c4 c6 2. Nc3 d5 3. e3 Nf6 4. Nf3 e6 5. b3 Bd6 6. Bb2 O-O 7. d4 Nbd7 8. Bd3 Qe7 9. O-O Ba3 10. Bxa3 Qxa3 11. Qc2 b6 12. Ne5 Qd6 13. f4 g6 14. Qf2 Ne8 15. h4 f5 16. h5 Nxe5 17. dxe5 Qe7 18. Qg3 Kh8 19. Ne2 dxc4 20. bxc4 Bb7 21. Nd4 Rg8 22. Nf3 gxh5 23. Qh3 Rd8 24. Rad1 h4 25. Ng5 c5 26. Qxh4 Rg6 27. g4 Rxd3 28. Rxd3 fxg4 29. Rd8 h6 30. Rfd1 Bc6 31. R1d6 Kg8 32. Qh5 Kg7 33. Nxe6+ Rxe6 34. Qxg4+ Kf7 35. Qf5+ Rf6 36. Qh7+ 1-0

[Event "NAYCC U16"]
[Site "Kingston CAN"]
[Date "2025.08.23"]
[Round "9.12"]
[White "Darvekar, Yash"]
[Black "Velasquez, Noah"]
[Result "1-0"]
[WhiteElo "1934"]
[BlackElo "1774"]
[WhiteFideId "-1"]
[WhiteFideId "-1"]
[PlyCount "100"]
[GameId "2220148372994708"]
[EventDate "2025.08.18"]
[EventType "swiss"]
[EventRounds "9"]
[EventCountry "CAN"]

1. e4 e5 2. Nf3 Nc6 3. Bb5 a6 4. Bxc6 dxc6 5. O-O Bg4 6. h3 Bxf3 7. Qxf3 Nf6 8. d3 h6 9. Nd2 Qe7 10. Nc4 g6 11. Qg3 Nd7 12. f4 Bg7 13. f5 g5 14. d4 Qb4 15. b3 Qe7 16. Ba3 c5 17. dxe5 Nxe5 18. f6 Bxf6 19. Rxf6 Nxc4 20. Rf5 O-O 21. bxc4 Qxe4 22. Qd3 Qxd3 23. cxd3 b6 24. Raf1 Rad8 25. R1f3 Rd6 26. Bb2 Re6 27. Rf6 Re2 28. Rf2 Re1+ 29. Kh2 Kh7 30. Rxf7+ Rxf7 31. Rxf7+ Kg6 32. Rxc7 Re6 33. d4 cxd4 34. Bxd4 Kf5 35. Ra7 Ke4 36. Bg1 b5 37. c5 Kd5 38. Rd7+ Kc6 39. Rd6+ Rxd6 40. cxd6 Kxd6 41. Bd4 Ke6 42. Kg3 Kf5 43. Kf3 a5 44. g4+ Ke6 45. Bg7 b4 46. Bxh6 Kf6 47. Bf8 Ke6 48. Ke4 Kf7 49. Bc5 Ke6 50. Kd4 a4 1-0

[Event "NAYCC U16"]
[Site "Kingston CAN"]
[Date "2025.08.23"]
[Round "9.13"]
[White "Huang, Eric"]
[Black "Wu, Nolan"]
[Result "0-1"]
[WhiteElo "1773"]
[BlackElo "1926"]
[WhiteFideId "-1"]
[WhiteFideId "-1"]
[PlyCount "134"]
[GameId "2220148373002901"]
[EventDate "2025.08.18"]
[EventType "swiss"]
[EventRounds "9"]
[EventCountry "CAN"]

1. d4 Nf6 2. c4 g6 3. Nc3 Bg7 4. e4 d6 5. Nf3 O-O 6. Be2 e5 7. O-O Nc6 8. d5 Ne7 9. b4 a5 10. Ba3 b6 11. bxa5 Rxa5 12. Bb4 Ra8 13. a4 Nd7 14. a5 Rb8 15. axb6 Rxb6 16. Ba5 Rb7 17. Nb5 Nc5 18. Nd2 f5 19. f3 Qd7 20. Nb3 Bh6 21. Bd2 Bxd2 22. Nxd2 c6 23. Nc3 cxd5 24. cxd5 Rb4 25. Rb1 Rxb1 26. Qxb1 Ba6 27. Bxa6 Nxa6 28. Qb6 Nc5 29. Nc4 Nc8 30. Qb8 Na6 31. Qb5 Qa7+ 32. Kh1 Nc5 33. Rd1 fxe4 34. Nxe4 Nxe4 35. fxe4 Qd4 36. Nd2 Nb6 37. Qe2 Rf4 38. h3 Na4 39. Qc4 Qxc4 40. Nxc4 Nc3 41. Rd3 Nxe4 42. Kh2 Nc5 43. Rc3 Ne4 44. Re3 Kf8 45. Ra3 Rf6 46. Ra8+ Kg7 47. Rd8 Kh6 48. Rd7 g5 49. g4 Kg6 50. Rd8 h5 51. Rd7 h4 52. Ra7 Rf2+ 53. Kg1 Rf6 54. Ra6 Kf7 55. Ne3 Ke7 56. Nf5+ Kd7 57. Ra7+ Kd8 58. Ra6 Kc7 59. Ra7+ Kb6 60. Rd7 Kc5 61. Ne7 Rf7 62. Rc7+ Kb5 63. Rb7+ Kc4 64. Rc7+ Kd3 65. Ra7 Nc3 66. Kg2 e4 67. Ra3 Rxe7 0-1

[Event "NAYCC U16"]
[Site "Kingston CAN"]
[Date "2025.08.23"]
[Round "9.14"]
[White "Fillmore, Louis"]
[Black "Mummidi, Aaryan"]
[Result "0-1"]
[WhiteElo "1708"]
[BlackElo "1884"]
[WhiteFideId "-1"]
[WhiteFideId "-1"]
[PlyCount "82"]
[GameId "2220148373011094"]
[EventDate "2025.08.18"]
[EventType "swiss"]
[EventRounds "9"]
[EventCountry "CAN"]

1. e4 c5 2. Nc3 Nc6 3. Bb5 Nd4 4. Nf3 Nxb5 5. Nxb5 d6 6. d4 cxd4 7. Qxd4 a6 8. Nc3 e5 9. Qd3 Be6 10. Bg5 Be7 11. Bxe7 Qxe7 12. O-O-O Rd8 13. Kb1 Nf6 14. Nd2 O-O 15. Nc4 Qc7 16. Ne3 b5 17. Ncd5 Nxd5 18. Nxd5 Qb7 19. Ne3 Rc8 20. Rhe1 Rfd8 21. Nd5 Rc5 22. Re3 Bxd5 23. exd5 Rdc8 24. Rh3 g6 25. Rd2 Rc4 26. Qe2 a5 27. b3 R4c5 28. Qe4 f5 29. Qh4 Qc7 30. Ka1 Qg7 31. g4 f4 32. Kb1 a4 33. g5 Qc7 34. Qg4 Re8 35. Rh6 axb3 36. axb3 Kh8 37. h4 Qa7 38. h5 Ra8 39. c4 Qa1+ 40. Kc2 Ra2+ 41. Kd3 Qd4+ 0-1

[Event "NAYCC U16"]
[Site "Kingston CAN"]
[Date "2025.08.23"]
[Round "9.15"]
[White "Yancey, Alice"]
[Black "McCallum, Elliot"]
[Result "0-1"]
[WhiteElo "1710"]
[BlackElo "1882"]
[WhiteFideId "-1"]
[WhiteFideId "-1"]
[PlyCount "96"]
[GameId "2220148373015191"]
[EventDate "2025.08.18"]
[EventType "swiss"]
[EventRounds "9"]
[EventCountry "CAN"]

1. e4 c5 2. Nf3 Nc6 3. d4 cxd4 4. Nxd4 Nf6 5. Nc3 e5 6. Ndb5 d6 7. Bg5 a6 8. Na3 b5 9. Bxf6 gxf6 10. Nd5 f5 11. exf5 Bxf5 12. c3 Bg7 13. Nc2 O-O 14. Nce3 Be6 15. Bd3 f5 16. Qh5 Bxd5 17. Nxd5 e4 18. Bc2 Ne7 19. Rd1 Nxd5 20. Rxd5 Qf6 21. O-O Rad8 22. Rfd1 b4 23. cxb4 Qxb2 24. Bb3 Kh8 25. Qh3 Be5 26. Qe3 Rc8 27. Qd2 Qxd2 28. R5xd2 Rb8 29. Bc4 Rxb4 30. Bxa6 Ra8 31. Be2 Rba4 32. Bb5 Rxa2 33. Rxa2 Rxa2 34. Bd7 f4 35. g3 e3 36. fxe3 fxe3 37. Bg4 Bc3 38. Rd3 Bb4 39. Kf1 Rf2+ 40. Kg1 e2 41. Bxe2 Rxe2 42. Rb3 Bc5+ 43. Kh1 Kg7 44. Rf3 d5 45. g4 d4 46. h4 Rd2 47. g5 Rd1+ 48. Kg2 d3 0-1

[Event "NAYCC U16"]
[Site "Kingston CAN"]
[Date "2025.08.23"]
[Round "9.16"]
[White "Gao, Yiguo"]
[Black "Li, Edward"]
[Result "0-1"]
[WhiteElo "1650"]
[BlackElo "1844"]
[WhiteFideId "-1"]
[WhiteFideId "-1"]
[PlyCount "64"]
[GameId "2220148373019288"]
[EventDate "2025.08.18"]
[EventType "swiss"]
[EventRounds "9"]
[EventCountry "CAN"]

1. e4 e5 2. Nc3 Nc6 3. f4 exf4 4. d4 Qh4+ 5. Ke2 b6 6. Nf3 Ba6+ 7. Kd2 Qf2+ 8. Ne2 Nf6 9. Qe1 Nxe4+ 10. Kd1 Qxe1+ 11. Kxe1 Nb4 12. Nxf4 Nxc2+ 13. Kd1 Nxa1 14. Be3 Bxf1 15. Rxf1 Bd6 16. Nd2 Nxd2 17. Kxd2 Bxf4 18. Bxf4 d6 19. Rxa1 Kd7 20. Rf1 Rae8 21. Be3 f6 22. Rf5 Re4 23. g3 Rhe8 24. Rf3 c5 25. dxc5 bxc5 26. b3 Rxe3 27. Rxe3 d5 28. a3 Kc6 29. h4 Kb5 30. g4 a5 31. Kd3 a4 32. bxa4+ Kxa4 0-1

[Event "NAYCC U16"]
[Site "Kingston CAN"]
[Date "2025.08.23"]
[Round "9.17"]
[White "Pollitt, Henry"]
[Black "Tan, Rex"]
[Result "1-0"]
[WhiteElo "1813"]
[BlackElo "1702"]
[WhiteFideId "-1"]
[WhiteFideId "-1"]
[PlyCount "83"]
[GameId "2220148373031577"]
[EventDate "2025.08.18"]
[EventType "swiss"]
[EventRounds "9"]
[EventCountry "CAN"]

1. e4 c5 2. c3 d5 3. exd5 Qxd5 4. d4 e6 5. Nf3 a6 6. Be3 Nd7 7. c4 Qc6 8. d5 exd5 9. cxd5 Qc7 10. Nc3 Ngf6 11. a4 Bd6 12. Bc4 O-O 13. O-O b6 14. h3 Bb7 15. Qd2 Ne5 16. Nxe5 Bxe5 17. Rad1 Rfd8 18. Bg5 Rd6 19. Bf4 Bxf4 20. Qxf4 Qd7 21. Qf3 Rd8 22. Rfe1 h6 23. Re5 Re8 24. Rxe8+ Qxe8 25. Qd3 Qa8 26. Ne4 Nxe4 27. Qxe4 Kf8 28. Qh7 g5 29. Re1 Rg6 30. Qh8+ Rg8 31. Qxh6+ Rg7 32. Qxb6 Qc8 33. Qd6+ Kg8 34. Re7 Qa8 35. Rd7 Kh7 36. Bd3+ Kh8 37. Rd8+ Qxd8 38. Qxd8+ Rg8 39. Qf6+ Rg7 40. Qd8+ Rg8 41. Qb6 Bxd5 42. Qh6# 1-0

[Event "NAYCC U16"]
[Site "Kingston CAN"]
[Date "2025.08.23"]
[Round "9.18"]
[White "Manivannan, Prajit"]
[Black "Guliyev, Nadir"]
[Result "1/2-1/2"]
[WhiteElo "1809"]
[BlackElo "1693"]
[WhiteFideId "-1"]
[WhiteFideId "-1"]
[PlyCount "51"]
[GameId "2220148373035674"]
[EventDate "2025.08.18"]
[EventType "swiss"]
[EventRounds "9"]
[EventCountry "CAN"]

1. e4 c5 2. Nf3 Nc6 3. d4 cxd4 4. Nxd4 d6 5. Nc3 Nf6 6. Bg5 e6 7. Qd2 a6 8. O-O-O Qc7 9. f3 Be7 10. g4 h6 11. Be3 Nxd4 12. Qxd4 Bd7 13. h4 e5 14. Qd2 O-O-O 15. Bg2 d5 16. Nxd5 Nxd5 17. exd5 Bd6 18. Kb1 Kb8 19. Qf2 Rc8 20. Rc1 b5 21. Rhd1 f5 22. Qe2 fxg4 23. fxg4 Qc4 24. Bf3 Rhf8 25. Rf1 Kb7 26. c3 1/2-1/2

[Event "NAYCC U16"]
[Site "Kingston CAN"]
[Date "2025.08.23"]
[Round "9.19"]
[White "Harit, Neil"]
[Black "Russell, Wesley"]
[Result "1/2-1/2"]
[WhiteElo "1620"]
[BlackElo "1784"]
[WhiteFideId "-1"]
[WhiteFideId "-1"]
[PlyCount "53"]
[GameId "2220148373039771"]
[EventDate "2025.08.18"]
[EventType "swiss"]
[EventRounds "9"]
[EventCountry "CAN"]

1. e4 c5 2. Nf3 Nc6 3. d4 cxd4 4. Nxd4 Nf6 5. Nc3 d6 6. Bg5 e6 7. Qd3 Bd7 8. O-O-O a6 9. f4 Be7 10. Kb1 Qa5 11. Nb3 Qc7 12. g3 O-O-O 13. Bg2 Kb8 14. Rhe1 h6 15. Bxf6 gxf6 16. Nd5 exd5 17. exd5 Ne5 18. fxe5 fxe5 19. Rf1 Bb5 20. Qe4 Bxf1 21. Rxf1 Rdf8 22. Bh3 h5 23. Bf5 h4 24. g4 Bg5 25. h3 f6 26. a3 Rc8 27. Bxc8 1/2-1/2

[Event "NAYCC U16"]
[Site "Kingston CAN"]
[Date "2025.08.23"]
[Round "9.27"]
[White "Cholakis, Max"]
[Black "Satish Alwar, Dharsan"]
[Result "1/2-1/2"]
[WhiteElo "1756"]
[BlackElo "1703"]
[WhiteFideId "-1"]
[WhiteFideId "-1"]
[PlyCount "54"]
[GameId "2220148373072548"]
[EventDate "2025.08.18"]
[EventType "swiss"]
[EventRounds "9"]
[EventCountry "CAN"]

1. e4 e6 2. d4 d5 3. Nc3 dxe4 4. Nxe4 Nd7 5. Nf3 Ngf6 6. Nxf6+ Nxf6 7. g3 Be7 8. Bg2 O-O 9. O-O c5 10. Bf4 Nd5 11. Bd2 cxd4 12. Nxd4 Bf6 13. c3 Bxd4 14. cxd4 b6 15. Bc3 Bb7 16. Qd2 Qe7 17. Rfe1 Rfd8 18. Re5 Rac8 19. Rae1 Qc7 20. Qd3 Qc4 21. Qxc4 Rxc4 22. Bxd5 Bxd5 23. f4 g6 24. Kf2 Ra8 25. g4 b5 26. a3 a5 27. Rd1 b4 1/2-1/2

[Event "NAYCC U16 w"]
[Site "Kingston CAN"]
[Date "2025.08.18"]
[Round "1.1"]
[White "Jiang, Hancy"]
[Black "Prabhu, Tanya"]
[Result "1-0"]
[WhiteElo "1929"]
[BlackElo "1813"]
[WhiteFideId "-1"]
[WhiteFideId "-1"]
[PlyCount "99"]
[GameId "2223082588886947"]
[EventDate "2025.08.18"]
[EventType "swiss"]
[EventRounds "9"]
[EventCountry "CAN"]

1. d4 d5 2. c4 c6 3. cxd5 cxd5 4. Nc3 Nf6 5. Bf4 Nc6 6. e3 a6 7. Be2 e6 8. Rc1 Bd6 9. Bg5 h6 10. Bh4 Qa5 11. Bxf6 gxf6 12. f4 Bd7 13. Nf3 b5 14. O-O f5 15. a4 b4 16. Na2 Rb8 17. b3 Qb6 18. Rc2 Ke7 19. Ne5 Bxe5 20. fxe5 Rbg8 21. Kh1 Rg5 22. Nc1 Rhg8 23. Bf3 f6 24. exf6+ Kxf6 25. Nd3 Be8 26. Nf4 Ne7 27. Rc5 Bf7 28. Nh3 R5g7 29. Qc2 Bg6 30. e4 dxe4 31. Bxe4 Qd6 32. d5 e5 33. Nf2 Kf7 34. Ng4 Rh8 35. Bxf5 Bxf5 36. Rxf5+ Nxf5 37. Qxf5+ Ke7 38. Rc6 Qxd5 39. Qf6+ Ke8 40. h3 Rhg8 41. Rd6 Qa8 42. Qe6+ Kf8 43. Qf6+ Ke8 44. Qxe5+ Kf8 45. Qf4+ Ke7 46. Qxb4 Qb8 47. Rb6+ Qd6 48. Qxd6+ Ke8 49. Rb8+ Kf7 50. Qf6# 1-0

[Event "NAYCC U16 w"]
[Site "Kingston CAN"]
[Date "2025.08.18"]
[Round "1.2"]
[White "Namala, Dhanvi"]
[Black "Wang, Chloe"]
[Result "0-1"]
[WhiteElo "1752"]
[BlackElo "1875"]
[WhiteFideId "-1"]
[WhiteFideId "-1"]
[PlyCount "50"]
[GameId "2223082588952484"]
[EventDate "2025.08.18"]
[EventType "swiss"]
[EventRounds "9"]
[EventCountry "CAN"]

1. e4 e5 2. Nf3 Nc6 3. Bc4 Bc5 4. d3 Nf6 5. c3 O-O 6. O-O d5 7. exd5 Nxd5 8. Nbd2 Nb6 9. Bb5 Bd6 10. Nc4 f6 11. Nxb6 axb6 12. Bc4+ Kh8 13. a4 Bg4 14. Re1 f5 15. Qc2 Bxf3 16. gxf3 Qh4 17. Kh1 e4 18. f4 Bxf4 19. Bxf4 Qxf4 20. Re3 Ne5 21. Rg3 Rad8 22. Rag1 exd3 23. Bxd3 Nxd3 24. R3g2 Qf3 25. b4 Nf4 0-1

[Event "NAYCC U16 w"]
[Site "Kingston CAN"]
[Date "2025.08.18"]
[Round "1.3"]
[White "Fiset, Anais Chloe"]
[Black "Zhang, Kylie"]
[Result "1/2-1/2"]
[WhiteElo "1843"]
[BlackElo "1875"]
[WhiteFideId "-1"]
[WhiteFideId "-1"]
[PlyCount "93"]
[GameId "2223082588964773"]
[EventDate "2025.08.18"]
[EventType "swiss"]
[EventRounds "9"]
[EventCountry "CAN"]

1. e4 c5 2. Nf3 Nc6 3. Bb5 g6 4. Bxc6 dxc6 5. d3 Nf6 6. h3 Qc7 7. e5 Nd5 8. a3 Bg7 9. c4 Nb6 10. Qe2 Nd7 11. Bf4 h6 12. Nc3 Nf8 13. b4 Ne6 14. Bg3 b6 15. Ne4 O-O 16. h4 cxb4 17. axb4 c5 18. h5 Bb7 19. hxg6 fxg6 20. Nh4 Nd4 21. Qg4 Bxe4 22. Qxe4 Nc2+ 23. Ke2 Nxa1 24. Rxa1 e6 25. Nxg6 Rfe8 26. Bf4 Rad8 27. Be3 a5 28. bxc5 bxc5 29. Rh1 Qb6 30. Bxh6 Rd4 31. Qe3 Qb2+ 32. Kf3 Qc3 33. Rd1 a4 34. Bxg7 Kxg7 35. Nf4 Rf8 36. g3 a3 37. Kg2 Kf7 38. Nxe6 Kxe6 39. Qh6+ Ke7 40. Rb1 Qxd3 41. Rb7+ Rd7 42. Qg5+ Ke8 43. Rb8+ Rd8 44. Qh5+ Kd7 45. e6+ Kc7 46. Qxc5+ Kxb8 47. Qb6+ 1/2-1/2

[Event "NAYCC U16 w"]
[Site "Kingston CAN"]
[Date "2025.08.18"]
[Round "1.4"]
[White "Yang, Jing Yao"]
[Black "Huang, Jolie"]
[Result "1-0"]
[WhiteElo "1731"]
[BlackElo "1833"]
[WhiteFideId "-1"]
[WhiteFideId "-1"]
[PlyCount "107"]
[GameId "2223082588985254"]
[EventDate "2025.08.18"]
[EventType "swiss"]
[EventRounds "9"]
[EventCountry "CAN"]

1. e4 c5 2. Nf3 Nc6 3. d4 cxd4 4. Nxd4 g6 5. Nc3 Bg7 6. Be3 Nf6 7. Bc4 O-O 8. Bb3 Re8 9. f3 d5 10. Nxd5 Nxd5 11. exd5 Nxd4 12. Bxd4 e5 13. Be3 e4 14. O-O Bxb2 15. Rb1 Be5 16. Ba4 exf3 17. Qxf3 Rf8 18. Bh6 Qh4 19. Bf4 Bxf4 20. Qxf4 Qxf4 21. Rxf4 Rd8 22. c4 b6 23. Bc6 Rb8 24. Re1 Kf8 25. g4 f5 26. h3 g5 27. Rf2 f4 28. Rfe2 Ba6 29. Re4 Rd6 30. Kf2 Rbd8 31. Re8+ Rxe8 32. Rxe8+ Kf7 33. Re4 h6 34. Ke2 Bc8 35. Kd3 h5 36. Be8+ Kf6 37. Bxh5 Bd7 38. Be8 Bc8 39. Ba4 Kf7 40. Kd4 Kf6 41. Re8 Bd7 42. Bxd7 Rxd7 43. Rf8+ Kg6 44. Rf5 Rf7 45. Rxf7 Kxf7 46. Ke4 Kf6 47. h4 gxh4 48. Kxf4 h3 49. Kg3 b5 50. cxb5 Ke5 51. Kxh3 Kxd5 52. g5 Ke6 53. Kh4 Kf7 54. a4 1-0

[Event "NAYCC U16 w"]
[Site "Kingston CAN"]
[Date "2025.08.18"]
[Round "1.5"]
[White "Fausto, Aliana"]
[Black "Li, Emma"]
[Result "1-0"]
[WhiteElo "1832"]
[BlackElo "1686"]
[WhiteFideId "-1"]
[WhiteFideId "-1"]
[PlyCount "55"]
[GameId "2223082589001639"]
[EventDate "2025.08.18"]
[EventType "swiss"]
[EventRounds "9"]
[EventCountry "CAN"]

1. e4 e5 2. Nf3 Nc6 3. Nc3 Nf6 4. a3 d6 5. d4 exd4 6. Nxd4 Nxd4 7. Qxd4 c6 8. Bc4 Be6 9. O-O Be7 10. Bxe6 fxe6 11. e5 Nd5 12. Qg4 Qd7 13. Qxg7 O-O-O 14. Ne4 Rdg8 15. Nxd6+ Kb8 16. Qf7 Rg6 17. Qf3 Rf8 18. Qe4 Rfg8 19. g3 h5 20. c4 h4 21. cxd5 hxg3 22. fxg3 exd5 23. Qf5 Qc7 24. Be3 Bxd6 25. exd6 Qg7 26. Rf3 Rxd6 27. Bf4 Qd4+ 28. Rf2 1-0

[Event "NAYCC U16 w"]
[Site "Kingston CAN"]
[Date "2025.08.18"]
[Round "1.6"]
[White "Yang, Lucy"]
[Black "Han, Shuyi"]
[Result "0-1"]
[WhiteElo "1612"]
[BlackElo "1828"]
[WhiteFideId "-1"]
[WhiteFideId "-1"]
[PlyCount "86"]
[GameId "2223082589018024"]
[EventDate "2025.08.18"]
[EventType "swiss"]
[EventRounds "9"]
[EventCountry "CAN"]

1. e4 e5 2. Nf3 Nc6 3. Bb5 a6 4. Ba4 Nf6 5. d3 d6 6. c3 Be7 7. h3 b5 8. Bc2 O-O 9. O-O h6 10. Re1 Nh7 11. Nbd2 Kh8 12. Nf1 f5 13. d4 Ng5 14. Nxg5 Bxg5 15. dxe5 Bxc1 16. Rxc1 Nxe5 17. f4 Ng6 18. Qf3 Rb8 19. g3 fxe4 20. Qh5 Qf6 21. Bxe4 Bf5 22. Bxf5 Qxf5 23. Qxf5 Rxf5 24. Re6 Rf6 25. Rce1 Kg8 26. Rxf6 gxf6 27. Re6 Kf7 28. f5 Ne5 29. Ne3 Nf3+ 30. Kf1 Ng5 31. Nd5 Nxe6 32. fxe6+ Kxe6 33. Nxc7+ Ke5 34. Nxa6 Ra8 35. Nb4 Ke4 36. Kf2 d5 37. a3 d4 38. cxd4 Kxd4 39. Na2 Rc8 40. Nb4 Kc4 41. Nc2 Rd8 42. Ke2 Kb3 43. Ne1 Kxb2 0-1

[Event "NAYCC U16 w"]
[Site "Kingston CAN"]
[Date "2025.08.18"]
[Round "2.1"]
[White "Han, Shuyi"]
[Black "Jiang, Hancy"]
[Result "1-0"]
[WhiteElo "1828"]
[BlackElo "1929"]
[WhiteFideId "-1"]
[WhiteFideId "-1"]
[PlyCount "57"]
[GameId "2223082589038505"]
[EventDate "2025.08.18"]
[EventType "swiss"]
[EventRounds "9"]
[EventCountry "CAN"]

1. d4 Nf6 2. c4 g6 3. Nc3 d5 4. cxd5 Nxd5 5. e4 Nxc3 6. bxc3 Bg7 7. Bc4 c5 8. Ne2 Nc6 9. Be3 O-O 10. O-O Qc7 11. Rc1 Rd8 12. Qd2 e5 13. d5 Na5 14. Bd3 c4 15. Bc2 b5 16. f4 Nb7 17. fxe5 Bxe5 18. Bf4 Re8 19. Nd4 Bxf4 20. Rxf4 Qb6 21. Rcf1 Nd6 22. Qf2 Bb7 23. Rf6 Qc7 24. Qf4 Rad8 25. e5 Nc8 26. Rxf7 Qxe5 27. Rf8+ Kg7 28. Qxe5+ Rxe5 29. Rxd8 1-0

[Event "NAYCC U16 w"]
[Site "Kingston CAN"]
[Date "2025.08.18"]
[Round "2.2"]
[White "Wang, Chloe"]
[Black "Yang, Jing Yao"]
[Result "1-0"]
[WhiteElo "1875"]
[BlackElo "1731"]
[WhiteFideId "-1"]
[WhiteFideId "-1"]
[PlyCount "91"]
[GameId "2223082589042602"]
[EventDate "2025.08.18"]
[EventType "swiss"]
[EventRounds "9"]
[EventCountry "CAN"]

1. e4 e5 2. Nf3 Nc6 3. Bb5 a6 4. Ba4 Nf6 5. O-O Be7 6. d3 b5 7. Bb3 d6 8. Bd2 Bg4 9. c3 Na5 10. Bc2 c5 11. h3 Bh5 12. c4 Nc6 13. g4 Bg6 14. Nc3 Nd4 15. cxb5 Nxb5 16. Bb3 h5 17. g5 Nh7 18. Nxb5 axb5 19. Bd5 Rb8 20. Qc1 f6 21. Nh4 Nf8 22. f4 exf4 23. Rxf4 Qd7 24. Rf3 Bf7 25. Nf5 Bxd5 26. exd5 Kf7 27. Qf1 Ng6 28. Nxg7 Kxg7 29. gxf6+ Bxf6 30. Rxf6 Rhf8 31. Bc3 Kh6 32. Qf4+ Kh7 33. Qxd6 Qxd6 34. Rxd6 b4 35. Rd7+ Kg8 36. Rg7+ Kh8 37. Rxg6+ bxc3 38. bxc3 Kh7 39. Rg3 Rb2 40. Rg2 Rb6 41. Rf1 Re8 42. Rf7+ Kh8 43. Rf5 Rh6 44. Rgg5 Rg8 45. Kf2 Kh7 46. Ke3 1-0

[Event "NAYCC U16 w"]
[Site "Kingston CAN"]
[Date "2025.08.18"]
[Round "2.3"]
[White "Kaur, Jind"]
[Black "Fausto, Aliana"]
[Result "0-1"]
[WhiteElo "1563"]
[BlackElo "1832"]
[WhiteFideId "-1"]
[WhiteFideId "-1"]
[PlyCount "148"]
[GameId "2223082589050795"]
[EventDate "2025.08.18"]
[EventType "swiss"]
[EventRounds "9"]
[EventCountry "CAN"]

1. e4 c5 2. Nf3 d6 3. d4 cxd4 4. Nxd4 Nf6 5. Nc3 a6 6. Be3 e5 7. Nb3 Be7 8. f3 Be6 9. Qd2 h5 10. O-O-O Nbd7 11. Kb1 Rc8 12. Nd5 Nxd5 13. exd5 Bf5 14. Bd3 Bxd3 15. Qxd3 Bg5 16. Nd2 Bxe3 17. Qxe3 Nb6 18. Ne4 Nc4 19. Qb3 b5 20. Rhe1 O-O 21. a3 f5 22. Nd2 Qg5 23. Nxc4 Rxc4 24. Re2 Rfc8 25. Rdd2 Re8 26. Qe3 Qxe3 27. Rxe3 f4 28. Re1 e4 29. fxe4 Rcxe4 30. Rxe4 Rxe4 31. b3 Kf7 32. Rf2 Kf6 33. g3 g5 34. c3 Ke5 35. gxf4+ gxf4 36. Rd2 f3 37. Kc2 Re2 38. Rxe2+ fxe2 39. Kd2 Kxd5 40. Kxe2 Ke4 41. a4 bxa4 42. bxa4 a5 43. h3 h4 44. Kd2 Kf3 45. c4 Ke4 46. Kc3 Ke3 47. c5 dxc5 48. Kc4 Kf3 49. Kb5 c4 50. Kxc4 Kg3 51. Kb5 Kxh3 52. Kxa5 Kg4 53. Kb6 h3 54. a5 h2 55. a6 h1=Q 56. a7 Qa8 57. Ka6 Kf5 58. Kb6 Ke6 59. Ka6 Kd7 60. Kb6 Kc8 61. Ka6 Qb7+ 62. Ka5 Qxa7+ 63. Kb5 Qc7 64. Ka6 Qb8 65. Ka5 Qb7 66. Ka4 Qb6 67. Ka3 Qb5 68. Ka2 Qb4 69. Ka1 Kc7 70. Ka2 Kc6 71. Ka1 Kc5 72. Ka2 Kc4 73. Ka1 Kc3 74. Ka2 Qb2# 0-1

[Event "NAYCC U16 w"]
[Site "Kingston CAN"]
[Date "2025.08.18"]
[Round "2.4"]
[White "Huang, Jolie"]
[Black "Fiset, Anais Chloe"]
[Result "1/2-1/2"]
[WhiteElo "1833"]
[BlackElo "1843"]
[WhiteFideId "-1"]
[WhiteFideId "-1"]
[PlyCount "85"]
[GameId "2223082589054892"]
[EventDate "2025.08.18"]
[EventType "swiss"]
[EventRounds "9"]
[EventCountry "CAN"]

1. d4 d5 2. c4 e6 3. g3 a6 4. Bg2 dxc4 5. Nf3 b5 6. Ne5 Ra7 7. Be3 c5 8. dxc5 Qc7 9. c6 Qxe5 10. Bxa7 Bb4+ 11. Nc3 Ne7 12. Bd4 Qg5 13. O-O Nbxc6 14. Ne4 Qg6 15. a3 Nxd4 16. Qxd4 Nf5 17. Qb6 Be7 18. Rfd1 O-O 19. Nc5 Bf6 20. Rab1 Bd4 21. Qc7 Qf6 22. Ne4 Qe5 23. Qxe5 Bxe5 24. Nc5 Bd4 25. b4 Bf6 26. a4 Nd4 27. Kf1 Nc2 28. axb5 axb5 29. Be4 Na3 30. Ra1 Bb2 31. Ra2 c3 32. Nd3 e5 33. Nc5 Be6 34. Rxb2 cxb2 35. Bb1 Nc4 36. Be4 Bh3+ 37. Ke1 g6 38. Rb1 Bf5 39. Bxf5 gxf5 40. Nd3 Rc8 41. Kd1 Rd8 42. Ke1 Rc8 43. Kd1 1/2-1/2

[Event "NAYCC U16 w"]
[Site "Kingston CAN"]
[Date "2025.08.18"]
[Round "2.5"]
[White "Zhang, Kylie"]
[Black "Namala, Dhanvi"]
[Result "1-0"]
[WhiteElo "1733"]
[BlackElo "1752"]
[WhiteFideId "-1"]
[WhiteFideId "-1"]
[PlyCount "150"]
[GameId "2223082589063085"]
[EventDate "2025.08.18"]
[EventType "swiss"]
[EventRounds "9"]
[EventCountry "CAN"]

1. e4 e6 2. d4 d5 3. Nc3 a6 4. Bd3 dxe4 5. Nxe4 Nd7 6. Bg5 Ngf6 7. Nf3 Be7 8. Nxf6+ Nxf6 9. O-O h6 10. Be3 O-O 11. Ne5 Nd5 12. Bd2 Nb4 13. Qg4 Nxd3 14. Bxh6 Bf6 15. cxd3 c5 16. Be3 Qd5 17. Qe4 Rd8 18. Qxd5 Rxd5 19. Nc4 cxd4 20. Nb6 dxe3 21. Nxa8 exf2+ 22. Kxf2 Bd4+ 23. Ke2 Bd7 24. Rac1 Bc6 25. Nc7 Re5+ 26. Kd1 Bxg2 27. Re1 Rf5 28. Kd2 Be5 29. Rc4 b5 30. Rc2 Bf4+ 31. Ke2 Bg5 32. d4 Bh4 33. Rg1 Rf2+ 34. Kd1 Bf3+ 35. Kc1 Bb7 36. Ne8 Rxc2+ 37. Kxc2 Kf8 38. Rg4 Be7 39. Nxg7 f5 40. Rg1 Be4+ 41. Kd2 Kf7 42. Nh5 Bf6 43. Nxf6 Kxf6 44. Ke3 Bd5 45. a3 Bc6 46. Kf4 a5 47. h4 Be8 48. Rg8 Bh5 49. Rb8 Be2 50. Rb6 a4 51. d5 Bc4 52. Rxe6+ Kf7 53. Kxf5 Bxd5 54. Rf6+ Kg7 55. h5 Bc4 56. h6+ Kh7 57. Rb6 Bd3+ 58. Kg5 Kh8 59. Rb7 Kg8 60. h7+ Bxh7 61. Rxh7 Kxh7 62. Kf5 Kg7 63. Ke5 Kf7 64. Kd5 Ke7 65. Kc5 Kd7 66. Kxb5 Kc7 67. Kxa4 Kb6 68. b4 Ka6 69. b5+ Kb6 70. Kb4 Kb7 71. Kc5 Ka7 72. Kc6 Kb8 73. b6 Ka8 74. b7+ Kb8 75. a4 Ka7 1-0

[Event "NAYCC U16 w"]
[Site "Kingston CAN"]
[Date "2025.08.18"]
[Round "2.6"]
[White "Prabhu, Tanya"]
[Black "Yang, Lucy"]
[Result "1-0"]
[WhiteElo "1813"]
[BlackElo "1612"]
[WhiteFideId "-1"]
[WhiteFideId "-1"]
[PlyCount "151"]
[GameId "2223082589067182"]
[EventDate "2025.08.18"]
[EventType "swiss"]
[EventRounds "9"]
[EventCountry "CAN"]

1. c4 e6 2. Nc3 d5 3. cxd5 exd5 4. d4 Nf6 5. Bf4 Bd6 6. Bg3 c6 7. e3 O-O 8. Bd3 Re8 9. Qc2 b6 10. Nf3 Ba6 11. Ne5 Bxd3 12. Qxd3 Bxe5 13. Bxe5 Nbd7 14. Bg3 Ne4 15. Nxe4 dxe4 16. Qc2 Qf6 17. O-O Qe6 18. a3 c5 19. Rfd1 Qd5 20. dxc5 Qxc5 21. Qb3 Qf5 22. Rd6 Nc5 23. Qb5 Qc8 24. Rc1 Re6 25. b4 Rxd6 26. Bxd6 Qd7 27. Rxc5 Qxd6 28. Rd5 Qc7 29. h3 Rd8 30. Rxd8+ Qxd8 31. Qc6 g6 32. Qxe4 Qd1+ 33. Kh2 Qd6+ 34. g3 Qd2 35. Kg2 Qd7 36. h4 Qa4 37. Qd3 Qc6+ 38. Kh2 Qf6 39. Kg1 Qe7 40. e4 Qc7 41. Kg2 Qb7 42. Kh2 Qe7 43. Qd4 h6 44. a4 Kh7 45. a5 bxa5 46. bxa5 Qc7 47. a6 Qe7 48. Kg2 h5 49. Qd5 Kg7 50. Qb7 Qc5 51. Qb2+ Kg8 52. Qf6 Kf8 53. e5 Qd5+ 54. Kh2 Kg8 55. Qe7 Qd4 56. Qf6 Qd5 57. Kg1 Qd1+ 58. Kg2 Qd5+ 59. Qf3 Qd4 60. Qc6 Kg7 61. e6 fxe6 62. Qxe6 Qc5 63. Qe4 Kf6 64. Qe3 Qc7 65. Qf4+ Qxf4 66. gxf4 Ke6 67. Kf3 Kf5 68. Ke3 Kg4 69. Ke4 Kxh4 70. f5 Kg5 71. fxg6 Kxg6 72. Ke5 h4 73. Kf4 Kh5 74. f3 Kg6 75. Kg4 Kf6 76. Kxh4 1-0